| 000 | 00622nam a2200181Ia 4500 | ||
|---|---|---|---|
| 008 | 090124s9999 xx 000 0 und d | ||
| 082 | _b19436 | ||
| 100 | _aपळसुले गोपाळ सदाशिव | ||
| 245 | _a छोटा निघंटु | ||
| 250 | _a0 | ||
| 260 |
_bगोपाळ सदाशिव पळसुले _c1937 |
||
| 300 | _a144 | ||
| 600 | _aपळसुले गोपाळ सदाशिव | ||
| 630 | _a छोटा निघंटु | ||
| 700 | _aपळसुले गोपाळ सदाशिव | ||
| 730 | _a छोटा निघंटु | ||
| 942 | _cBOOK | ||
| 999 |
_c90451 _d90451 |
||